000 00743nam a2200205Ia 4500
003 GCL
008 140319s9999 xx 000 0 ara d
040 _aGCL /
_cGCL
082 0 4 _a811.1009
_bح ك
100 1 _aحسن البنا عزالدين
245 1 0 _aالكلمات والاشياء : التحليل البنيوى لقصيدة الاطلال فى الشعر الجاهلى : دراسة نقدية /
_cحسن البنا عزالدين
260 _a[S.N] :
_bدار المناهل للطباعة والنشر ،
_c1989
300 _a247 ص
490 _a
650 0 4 _aالشعر العربى
650 0 4 _aالعصر الجاهلى
650 0 4 _aدواوين وقصائد
650 0 4 _aتاريخ ونقد
942 _2ddc
_cBK
999 _c28622
_d28622